All Grand Slam Final Scores Since 2010 - Statistics

General Stats
  • This quiz has been taken 11 times
  • The average score is 11 of 59
Answer Stats
Tournament Players (Win vs Loss) Score % Correct
2021 US Open Medvedev vs Djokovic 6-4 6-4 6-4
75%
2024 US Open Sinner vs Fritz 6-3 6-4 7-5
63%
2024 Australian Open Sinner vs Medvedev 3-6 3-6 6-4 6-4 6-3
38%
2020 French Open Nadal vs Djokovic 6-0 6-2 7-5
38%
2024 Wimbledon Alcaraz vs Djokovic 6-2 6-2 7-6 (7-4)
38%
2022 French Open Nadal vs Ruud 6-3 6-3 6-0
38%
2023 Wimbledon Alcaraz vs Djokovic 1-6 7-6 (8-6) 6-1 3-6 6-4
25%
2012 Wimbledon Federer vs Murray 4-6 7-5 6-3 6-4
25%
2012 Australian Open Djokovic vs Nadal 5-7 6-4 6-2 6-7 (5-7) 7-5
25%
2018 Wimbledon Djokovic vs Anderson 6-2 6-2 7-6 (7-3)
25%
2011 US Open Djokovic vs Nadal 6-2 6-4 6-7 (3-7) 6-1
25%
2024 French Open Alcaraz vs Zverev 6-3 2-6 5-7 6-1 6-2
25%
2019 French Open Nadal vs Theim 6-3 5-7 6-1 6-1
25%
2014 US Open Cilic vs Nishikori 6-3 6-3 6-3
25%
2017 US Open Nadal vs Anderson 6-3 6-3 6-4
25%
2010 Australian Open Federer vs Murray 6-3 6-4 7-6 (13-11)
25%
2018 US Open Djokovic vs Martin del Porto 6-3 7-6 (7-4) 6-3
25%
2023 US Open Djokovic vs Medvedev 6-3 7-6 (7-5) 6-3
25%
2017 Australian Open Federer vs Nadal 6-4 3-6 6-1 3-6 6-3
25%
2011 Wimbledon Djokovic vs Nadal 6-4 6-1 1-6 6-3
25%
2010 French Open Nadal vs Soderling 6-4 6-2 6-4
25%
2012 French Open Nadal vs Djokovic 6-4 6-3 2-6 7-5
25%
2018 French Open Nadal vs Theim 6-4 6-3 6-2
25%
2013 Wimbledon Murray vs Djokovic 6-4 7-5 6-4
25%
2011 French Open Nadal vs Federer 7-5 7-6 (7-3) 5-7 6-1
25%
2023 French Open Djokovic vs Ruud 7-6 (7-1) 6-3 7-5
25%
2020 US Open Theim vs Zverev 2-6 4-6 6-4 6-3 7-6 (8-6)
13%
2022 Australian Open Nadal vs Medvedev 2-6 6-7 (5-7) 6-4 6-4 7-5
13%
2016 French Open Djokovic vs Murray 3-6 6-1 6-2 6-4
13%
2022 Wimbledon Djokovic vs Kyrgios 4-6 6-3 6-4 7-6 (7-3)
13%
2015 French Open Wawrinka vs Djokovic 4-6 6-4 6-3 6-4
13%
2016 Australian Open Djokovic vs Murray 6-1 7-5 7-6 (7-3)
13%
2013 US Open Nadal vs Djokovic 6-2 3-6 6-4 6-1
13%
2017 French Open Nadal vs Wawrinka 6-2 6-3 6-1
13%
2018 Australian Open Federer vs Cilic 6-2 6-7 (5-7) 6-3 3-6 6-1
13%
2010 US Open Nadal vs Djokovic 6-3 5-7 6-4 6-2
13%
2017 Wimbledon Federer vs Cilic 6-3 6-1 6-4
13%
2014 Australian Open Wawrinka vs Nadal 6-3 6-2 3-6 6-3
13%
2013 French Open Nadal vs Ferrer 6-3 6-2 6-3
13%
2019 Australian Open Djokovic vs Nadal 6-3 6-2 6-3
13%
2010 Wimbledon Nadal vs Berdych 6-3 7-5 6-4
13%
2023 Australian Open Djokovic vs Tsitsipas 6-3 7-6 (7-4) 7-6 (7-5)
13%
2022 US Open Alcaraz vs Ruud 6-4 2-6 7-6 (7-1) 6-3
13%
2020 Australian Open Djokovic vs Theim 6-4 4-6 2-6 6-3 6-4
13%
2011 Australian Open Djokovic vs Murray 6-4 6-2 6-3
13%
2013 Australian Open Djokovic vs Murray 6-7 (2-7) 7-6 (7-3) 6-3 6-2
13%
2021 Wimbledon Djokovic vs Berrenttini 6-7 (4-7) 6-4 6-4 6-3
13%
2021 French Open Djokovic vs Tsitsipas 6-7 (6-8) 2-6 6-3 6-2 6-4
13%
2014 Wimbledon Djokovic vs Federer 6-7 (7-9) 6-4 7-6 (7-4) 5-7 6-4
13%
2021 Australian Open Djokovic vs Medvedev 7-5 6-2 6-2
13%
2019 US Open Nadal vs Medvedev 7-5 6-3 5-7 4-6 6-4
13%
2012 US Open Murray vs Djokovic 7-6 (12-10)7-5 2-6 3-6 6-2
13%
2015 Wimbledon Djokovic vs Federer 7-6 (7-1) 6-7 (10-12) 6-4 6-3
13%
2014 French Open Nadal vs Djokovic 6-3 7-5 6-2 6-4
0%
2015 US Open Djokovic vs Federer 6-4 7-5 6-4 6-4
0%
2016 Wimbledon Murray vs Raonic 6-4 7-6 (7-3) 7-6 (7-2)
0%
2016 US Open Wawrinka vs Djokovic 6-7 (1-7) 6-4 7-5 6-3
0%
2019 Wimbledon Djokovic vs Federer 7-6 (7-5) 1-6 7-6 (7-4) 4-6 13-12 (7-3)
0%
2015 Australian Open Djokovic vs Murray 7-6 (7-5) 6-7 (4-7) 6-3 6-0
0%
No matching quizzes found
Score Distribution
Percent of People with Each Score
Percentile by Number Answered
Your Score History
You have not taken this quiz